<?xml version="1.0" encoding="UTF-8"?>
<record
    xmlns:xsi="http://www.w3.org/2001/XMLSchema-instance"
    xsi:schemaLocation="http://www.loc.gov/MARC21/slim http://www.loc.gov/standards/marcxml/schema/MARC21slim.xsd"
    xmlns="http://www.loc.gov/MARC21/slim">

  <leader>00661nam a2200217Ia 4500</leader>
  <controlfield tag="005">20241008132054.0</controlfield>
  <controlfield tag="008">210716s2003    xx            000 0 und d</controlfield>
  <datafield tag="020" ind1=" " ind2=" ">
    <subfield code="a">817866657X</subfield>
  </datafield>
  <datafield tag="040" ind1=" " ind2=" ">
    <subfield code="c">AIMIT LIBRARY</subfield>
  </datafield>
  <datafield tag="041" ind1=" " ind2=" ">
    <subfield code="a">eng</subfield>
  </datafield>
  <datafield tag="082" ind1=" " ind2=" ">
    <subfield code="a">382.1 </subfield>
    <subfield code="2">7</subfield>
    <subfield code="b">ASWK</subfield>
  </datafield>
  <datafield tag="100" ind1=" " ind2=" ">
    <subfield code="a">Aswathappa, K.</subfield>
    <subfield code="9">181791</subfield>
  </datafield>
  <datafield tag="245" ind1=" " ind2=" ">
    <subfield code="a">Essentials of business environment /</subfield>
    <subfield code="c">By K Aswathappa.</subfield>
  </datafield>
  <datafield tag="250" ind1=" " ind2=" ">
    <subfield code="a">7th</subfield>
  </datafield>
  <datafield tag="260" ind1=" " ind2=" ">
    <subfield code="a">Mumbai :</subfield>
    <subfield code="b">Himalaya Publishing House ,</subfield>
    <subfield code="c">2003.</subfield>
  </datafield>
  <datafield tag="300" ind1=" " ind2=" ">
    <subfield code="a">xvi,606p. ;</subfield>
    <subfield code="b">PB</subfield>
    <subfield code="c">25.7 cm</subfield>
  </datafield>
  <datafield tag="650" ind1=" " ind2=" ">
    <subfield code="a">Global environment</subfield>
    <subfield code="9">181792</subfield>
  </datafield>
  <datafield tag="650" ind1=" " ind2=" ">
    <subfield code="a">Economic environment</subfield>
    <subfield code="9">181793</subfield>
  </datafield>
  <datafield tag="650" ind1=" " ind2=" ">
    <subfield code="a">Social-cultural environment</subfield>
    <subfield code="9">181794</subfield>
  </datafield>
  <datafield tag="942" ind1=" " ind2=" ">
    <subfield code="2">ddc</subfield>
    <subfield code="c">BK</subfield>
    <subfield code="e">7th</subfield>
    <subfield code="k">382.1 ASWK</subfield>
  </datafield>
  <datafield tag="999" ind1=" " ind2=" ">
    <subfield code="c">197571</subfield>
    <subfield code="d">197571</subfield>
  </datafield>
  <datafield tag="952" ind1=" " ind2=" ">
    <subfield code="0">0</subfield>
    <subfield code="1">0</subfield>
    <subfield code="2">ddc</subfield>
    <subfield code="4">0</subfield>
    <subfield code="7">0</subfield>
    <subfield code="8">MBA</subfield>
    <subfield code="a">AIMIT</subfield>
    <subfield code="b">AIMIT</subfield>
    <subfield code="c">IBE</subfield>
    <subfield code="d">2004-04-07</subfield>
    <subfield code="g">275.00</subfield>
    <subfield code="i">Bill no:5925;Bill dt:2004-03-30</subfield>
    <subfield code="l">0</subfield>
    <subfield code="o">382.1 ASWK</subfield>
    <subfield code="p">MBA00136</subfield>
    <subfield code="r">2026-05-23 00:00:00</subfield>
    <subfield code="v">220.00</subfield>
    <subfield code="w">2021-07-16</subfield>
    <subfield code="y">BK</subfield>
  </datafield>
  <datafield tag="952" ind1=" " ind2=" ">
    <subfield code="0">0</subfield>
    <subfield code="1">0</subfield>
    <subfield code="2">ddc</subfield>
    <subfield code="4">0</subfield>
    <subfield code="7">0</subfield>
    <subfield code="8">MBA</subfield>
    <subfield code="a">AIMIT</subfield>
    <subfield code="b">AIMIT</subfield>
    <subfield code="c">IBE</subfield>
    <subfield code="d">2004-04-15</subfield>
    <subfield code="g">275.00</subfield>
    <subfield code="i">Bill no:5935; Bill dt:2004-03-31</subfield>
    <subfield code="l">0</subfield>
    <subfield code="o">382.1 ASWK</subfield>
    <subfield code="p">MBA00343</subfield>
    <subfield code="r">2026-05-23 00:00:00</subfield>
    <subfield code="v">220.00</subfield>
    <subfield code="w">2021-07-16</subfield>
    <subfield code="y">BK</subfield>
  </datafield>
  <datafield tag="952" ind1=" " ind2=" ">
    <subfield code="0">0</subfield>
    <subfield code="1">0</subfield>
    <subfield code="2">ddc</subfield>
    <subfield code="4">0</subfield>
    <subfield code="7">0</subfield>
    <subfield code="8">MBA</subfield>
    <subfield code="a">AIMIT</subfield>
    <subfield code="b">AIMIT</subfield>
    <subfield code="c">IBE</subfield>
    <subfield code="d">2004-06-12</subfield>
    <subfield code="g">275.00</subfield>
    <subfield code="i">Bill no:5955; Bill dt:2004-04-23</subfield>
    <subfield code="l">0</subfield>
    <subfield code="o">382.1 ASWK</subfield>
    <subfield code="p">MBA00395</subfield>
    <subfield code="r">2026-05-23 00:00:00</subfield>
    <subfield code="v">220.00</subfield>
    <subfield code="w">2021-07-16</subfield>
    <subfield code="y">BK</subfield>
  </datafield>
  <datafield tag="952" ind1=" " ind2=" ">
    <subfield code="0">0</subfield>
    <subfield code="1">0</subfield>
    <subfield code="2">ddc</subfield>
    <subfield code="4">0</subfield>
    <subfield code="7">0</subfield>
    <subfield code="8">MBA</subfield>
    <subfield code="a">AIMIT</subfield>
    <subfield code="b">AIMIT</subfield>
    <subfield code="c">IBE</subfield>
    <subfield code="d">2005-09-30</subfield>
    <subfield code="g">275.00</subfield>
    <subfield code="i">Bill no:1156;Bill dt:2005-09-28</subfield>
    <subfield code="l">0</subfield>
    <subfield code="o">382.1 ASWK</subfield>
    <subfield code="p">MBA02049</subfield>
    <subfield code="r">2026-05-23 00:00:00</subfield>
    <subfield code="v">220.00</subfield>
    <subfield code="w">2021-07-16</subfield>
    <subfield code="y">BK</subfield>
  </datafield>
  <datafield tag="952" ind1=" " ind2=" ">
    <subfield code="0">0</subfield>
    <subfield code="1">0</subfield>
    <subfield code="2">ddc</subfield>
    <subfield code="4">0</subfield>
    <subfield code="7">0</subfield>
    <subfield code="8">MBA</subfield>
    <subfield code="a">AIMIT</subfield>
    <subfield code="b">AIMIT</subfield>
    <subfield code="c">IBE</subfield>
    <subfield code="d">2005-09-30</subfield>
    <subfield code="g">275.00</subfield>
    <subfield code="i">Bill no:1156; Bill dt:2005-09-28</subfield>
    <subfield code="l">0</subfield>
    <subfield code="o">382.1 ASWK</subfield>
    <subfield code="p">MBA02050</subfield>
    <subfield code="r">2026-05-23 00:00:00</subfield>
    <subfield code="v">220.00</subfield>
    <subfield code="w">2021-07-16</subfield>
    <subfield code="y">BK</subfield>
  </datafield>
  <datafield tag="952" ind1=" " ind2=" ">
    <subfield code="0">0</subfield>
    <subfield code="1">0</subfield>
    <subfield code="2">ddc</subfield>
    <subfield code="4">0</subfield>
    <subfield code="7">3</subfield>
    <subfield code="8">MBA</subfield>
    <subfield code="a">AIMIT</subfield>
    <subfield code="b">AIMIT</subfield>
    <subfield code="c">IBE</subfield>
    <subfield code="d">2005-09-30</subfield>
    <subfield code="g">275.00</subfield>
    <subfield code="i">Bill no:1156; Bill dt:2005-09-28</subfield>
    <subfield code="l">0</subfield>
    <subfield code="o">382.1 ASWK</subfield>
    <subfield code="p">MBA02051</subfield>
    <subfield code="r">2025-07-21 00:00:00</subfield>
    <subfield code="v">220.00</subfield>
    <subfield code="w">2021-07-16</subfield>
    <subfield code="y">BK</subfield>
  </datafield>
  <datafield tag="952" ind1=" " ind2=" ">
    <subfield code="0">0</subfield>
    <subfield code="1">0</subfield>
    <subfield code="2">ddc</subfield>
    <subfield code="4">0</subfield>
    <subfield code="7">0</subfield>
    <subfield code="8">MBA</subfield>
    <subfield code="a">AIMIT</subfield>
    <subfield code="b">AIMIT</subfield>
    <subfield code="c">IBE</subfield>
    <subfield code="d">2021-07-16</subfield>
    <subfield code="g">275.00</subfield>
    <subfield code="l">0</subfield>
    <subfield code="o">382.1 ASWK</subfield>
    <subfield code="p">MBA06009</subfield>
    <subfield code="r">2026-05-23 00:00:00</subfield>
    <subfield code="w">2021-07-16</subfield>
    <subfield code="y">BK</subfield>
  </datafield>
</record>
